Central Library OPAC University of Rajshahi

'Alien homage' : (Record no. 65443)

MARC details
000 -LEADER
fixed length control field 00942cam a2200253 a 4500
001 - CONTROL NUMBER
control field 65443
003 - CONTROL NUMBER IDENTIFIER
rucl marc code BD-RjUL
005 - DATE AND TIME OF LATEST TRANSACTION
control field 20211209081428.0
008 - FIXED-LENGTH DATA ELEMENTS--GENERAL INFORMATION
fixed length control field 170306s1993 ii b 001 0ceng
020 ## - INTERNATIONAL STANDARD BOOK NUMBER
International Standard Book Number 0195630114 :
035 ## - SYSTEM CONTROL NUMBER
System control number (BD-RjUL)65573
040 ## - CATALOGING SOURCE
Original cataloging agency DLC
Transcribing agency DLC
Modifying agency (BD-RjUL)
Language of cataloging eng
041 ## - LANGUAGE CODE
Language code of text/sound track or separate title eng
082 00 - DEWEY DECIMAL CLASSIFICATION NUMBER
Classification number 891.4414
Edition number 23
Author mark and year THA 1993
100 1# - MAIN ENTRY--PERSONAL NAME
Personal name Thompson, E. P.
Fuller form of name (Edward Palmer),
Dates associated with a name 1924-1993.
9 (RLIN) 193684
245 10 - TITLE STATEMENT
Title 'Alien homage' :
Remainder of title Edward Thompson and Rabindranath Tagore /
Statement of responsibility, etc. E.P. Thompson.
260 ## - PUBLICATION, DISTRIBUTION, ETC. (IMPRINT)
Place of publication, distribution, etc. Delhi ;
-- New York :
Name of publisher, distributor, etc. Oxford University Press,
Date of publication, distribution, etc. 1993.
300 ## - PHYSICAL DESCRIPTION
Pagination ix, 175 p. ;
Size 23 cm.
500 ## - GENERAL NOTE
General note "With an appendix on Edward Thompson's 'Notebook of conversations with Rabindranath' by Uma Das Gupta."
504 ## - BIBLIOGRAPHY, ETC. NOTE
Bibliography, etc Includes index and bibliography .
600 10 - SUBJECT ADDED ENTRY--PERSONAL NAME
Personal name Tagore, Rabindranath,
Dates associated with a name 1861-1941
General subdivision Criticism and interpretation.
Personal name Tagore, Rabindranath,
Dates associated with a name 1861-1941
942 ## - ADDED ENTRY ELEMENTS (KOHA)
Source of classification or shelving scheme Dewey Decimal Classification
Koha item type Books
Holdings
Lost status Source of classification or shelving scheme Damaged status Not for loan Collection code Permanent Location Current Location Shelving location Date acquired Source of acquisition Cost, normal purchase price Total Checkouts Full call number Date last seen Copy number Koha item type
  Dewey Decimal Classification   Not For Loan Non-fiction Central Library, University of Rajshahi Central Library, University of Rajshahi Reading Room 12/05/1997 Ahsania 270.00   891.4414 THA 1993 06/03/2017 C-1 Books